El cerdito azul / (Registro nro. 11132)
[ vista simple ]
| 000 -CABECERA | |
|---|---|
| Longitud fija campo de control | 00664nam a22002297b 4500 |
| 003 - • IDENTIFICADOR DELl NÚMERO DE CONTROL | |
| Identificador del número de control | CO-ViMGA |
| 005 - • FECHA Y HORA DE LA ÚLTIMA TRANSACCIÓN | |
| Fecha y hora de la última transacción | 20230915224038.0 |
| 008 - • CÓDIGOS DE INFORMACIÓN DE LONGITUD FIJA | |
| Códigos de información de longitud fija | 070622s2007 sp | ||| ||spa |
| 020 ## - • NÚMERO INTERNACIONAL NORMALIZADO PARA LIBROS | |
| Número Internacional Normalizado para Libros (ISBN) | 9788423684014 |
| 040 ## - FUENTE DE LA CATALOGACIÓN | |
| Centro catalogador de origen | CO-ViMGA |
| Lengua de catalogación | spa |
| Centro transcriptor | CO-ViMGA |
| 082 ## - • NÚMERO DE LA CLASIFICACIÓN DECIMAL DEWEY | |
| Número de clasificación (R) | I 863 |
| Número del ítem | H641e |
| 100 1# - • PUNTO DE ACCESO PRINCIPAL-NOMBRE DE PERSONA | |
| Nombre de persona | Hilb, Nora |
| 245 13 - • TITULO PROPIAMENTE DICHO | |
| Título | El cerdito azul / |
| Medio | [Texto impreso] |
| Mención de responsabilidad, etc. | texto e ilustraciones, Nora Hilb |
| 250 ## - • MENCIÓN DE EDICIÓN | |
| Mención de edición | 1® ed. |
| 300 ## - • DESCRIPCIÓN FÍSICA | |
| Extensión | [32] p. |
| Otras características físicas | il. col. |
| Dimensiones | 22 cm. |
| 490 0# - • MENCIÓN DE SERIE | |
| Mención de serie | Tren azul. Mis cuentos favoritos |
| 650 14 - • PUNTO DE ACCESO ADICIONAL DE MATERIA - TÉRMINO DE MATERIA | |
| Término de materia o nombre geográfico como elemento inicial | Comics |
| 650 14 - • PUNTO DE ACCESO ADICIONAL DE MATERIA - TÉRMINO DE MATERIA | |
| Término de materia o nombre geográfico como elemento inicial | Tiras comicas, historietas, etc. |
| 942 ## - ENTRADA DE ELEMENTOS AGREGADOS (KOHA) | |
| Fuente de clasificaión o esquema | Dewey Decimal Classification |
| Koha [por defecto] tipo de item | LIbro |
| Perdido | Fuente de clasificación o esquema | Estado Físico | No para préstamo | Forma de adquisición | Localización permanente | Localización actual | Fecha adquisición | Préstamos totales | Signatura completa | Código de barras | Fecha última consulta | Fecha del precio de reemplazo | Tipo de item de Koha |
|---|---|---|---|---|---|---|---|---|---|---|---|---|---|
| Dewey Decimal Classification | Sala General | Biblioteca Barrio Emporio - Villavicencio | Biblioteca Barrio Emporio - Villavicencio | 04/28/2017 | I 863 H641e | 031913 | 02/23/2018 | 04/28/2017 | LIbro |